[Event "Olimpiade 2014 - Open"]
[Site "Tromsø"]
[Date "10.08.2014"]
[Round "8.32"]
[Board "3"]
[White "Isaev, Jamshed"]
[Black "Masango, Spencer"]
[Result "1-0"]
[WhiteTitle "IM"]
[WhiteElo "2337"]
[BlackElo "2155"]
[WhiteTeam "Tajikistan"]
[BlackTeam "Zimbabwe"]
[WhiteFideId "14700050"]
[BlackFideId "14300753"]
[EventDate "2014.08.02"]

1. e4 e5 2. Nf3 Nc6 3. Bb5 Nf6 4. d3 Bc5 5. c3 O-O 6. O-O d6 7. h3 Ne7 8. Nbd2
c6 9. Ba4 b5 10. Bc2 Ng6 11. d4 Bb6 12. a4 Re8 13. Re1 Nf4 14. Nf1 N6h5 15. dxe5
dxe5 16. Qxd8 Bxd8 17. Be3 a6 18. Kh2 Ng6 19. Red1 Be7 20. Bb3 Nf6 21. Ng3 Bf8
22. Ng5 Nh8 23. f4 exf4 24. Bxf4 h6 25. Nf3 Ng6 26. Bd6 Nxe4 27. Nxe4 Rxe4 28.
axb5 Re2 29. Bxf8 Kxf8 30. Nd4 Rxb2 31. bxc6 Nf4 32. Ra2 Rxa2 33. Bxa2 Rb8 34.
c7 Rb6 35. Nf3 Ke7 36. Rd8 Bd7 37. Ne5 Bf5 38. g4 Rb2+ 39. Kg3 Ne2+ 40. Kf3 Ng1+
41. Kf4 Rf2+ 42. Kg3 Rc2 43. Nc6+ Kf6 44. Rd6+ Be6 45. c8=Q Ne2+ 46. Kf3 Ng1+
47. Ke3 Rxc3+ 48. Kd2 1-0

[Event "Olimpiade 2014 - Open"]
[Site "Tromsø"]
[Date "10.08.2014"]
[Round "8.33"]
[Board "1"]
[White "Nyback, Tomi"]
[Black "Kurukulasuriya, Prasanna"]
[Result "1-0"]
[WhiteTitle "GM"]
[BlackTitle "FM"]
[WhiteElo "2591"]
[BlackElo "2063"]
[WhiteTeam "Finland"]
[BlackTeam "Sri Lanka"]
[WhiteFideId "503142"]
[BlackFideId "9901248"]
[EventDate "2014.08.02"]

1. d4 Nf6 2. c4 g6 3. Nc3 Bg7 4. e4 d6 5. Nf3 O-O 6. Be2 e5 7. Be3 Ng4 8. Bg5 f6
9. Bh4 g5 10. Bg3 Nh6 11. c5 g4 12. Nh4 Nc6 13. cxd6 Nxd4 14. dxc7 Qxc7 15. Qxd4
exd4 16. Bxc7 dxc3 17. Bc4+ Kh8 18. bxc3 Bd7 19. Bd5 Rac8 20. Bd6 Rfd8 21. Bxb7
Rxc3 22. O-O Bc8 23. Bb4 Rc2 24. Bd5 f5 25. Rad1 Bf6 26. Bb3 Rxd1 27. Rxd1 Rc7
28. Ba5 Rd7 29. Rc1 Bb7 30. Nxf5 Nxf5 31. exf5 Be4 32. Be6 Rd3 33. Bb4 Bd4 34.
Kf1 Bb2 35. Rc8+ Kg7 36. Be7 Bc3 37. Rg8+ Kh6 38. Bg5+ Kh5 39. Bf7# 1-0

[Event "Olimpiade 2014 - Open"]
[Site "Tromsø"]
[Date "10.08.2014"]
[Round "8.33"]
[Board "2"]
[White "Perera, W C C"]
[Black "Karttunen, Mika"]
[Result "0-1"]
[WhiteTitle "CM"]
[BlackTitle "IM"]
[WhiteElo "2081"]
[BlackElo "2437"]
[WhiteTeam "Sri Lanka"]
[BlackTeam "Finland"]
[WhiteFideId "9902600"]
[BlackFideId "502081"]
[EventDate "2014.08.02"]

1. d4 Nf6 2. c4 e6 3. Nf3 Bb4+ 4. Bd2 Qe7 5. g3 Nc6 6. Bg2 Bxd2+ 7. Nbxd2 d6 8.
O-O a5 9. e4 e5 10. d5 Nb8 11. b3 O-O 12. a3 Na6 13. b4 axb4 14. axb4 Bg4 15.
Qb3 c5 16. dxc6 bxc6 17. Ra4 Nc7 18. Rfa1 Rxa4 19. Rxa4 Rb8 20. Ra7 Qd8 21. Qa4
Ne6 22. Qxc6 Rxb4 23. Ra6 Bxf3 24. Nxf3 Rb1+ 25. Bf1 Ne8 26. Kg2 Rb8 27. Ra7 Rc8
28. Qb5 Nc5 29. Ne1 Nxe4 30. Qd5 Ng5 31. f4 exf4 32. gxf4 Ne6 33. Nd3 Nf6 34.
Qf3 Rxc4 35. Rxf7 Rc2+ 0-1

[Event "Olimpiade 2014 - Open"]
[Site "Tromsø"]
[Date "10.08.2014"]
[Round "8.33"]
[Board "3"]
[White "Agopov, Mikael"]
[Black "Alahakoon, Isuru"]
[Result "1-0"]
[WhiteTitle "IM"]
[WhiteElo "2431"]
[BlackElo "2120"]
[WhiteTeam "Finland"]
[BlackTeam "Sri Lanka"]
[WhiteFideId "501840"]
[BlackFideId "9900993"]
[EventDate "2014.08.02"]

1. e4 c5 2. Nf3 d6 3. d4 cxd4 4. Nxd4 Nf6 5. Nc3 a6 6. Be3 e5 7. Nb3 Be7 8. h3
Be6 9. f4 Qc7 10. Qe2 b5 11. O-O-O O-O 12. g4 b4 13. Nd5 Bxd5 14. exd5 a5 15.
fxe5 dxe5 16. Qc4 Qxc4 17. Bxc4 Rc8 18. d6 Bd8 19. Nd2 h6 20. Be2 Nbd7 21. Bf3
Rab8 22. h4 a4 23. g5 hxg5 24. hxg5 Ne8 25. Bg4 Rb7 26. Ne4 b3 27. axb3 axb3 28.
c3 Rc4 29. Rh3 Nf8 30. Rdh1 Ng6 31. d7 Nc7 32. Nd6 Rxg4 33. Nxb7 Ne6 34. Nxd8
Nxd8 35. Bb6 Ra4 36. Bxd8 Ra7 37. Bc7 1-0

[Event "Olimpiade 2014 - Open"]
[Site "Tromsø"]
[Date "10.08.2014"]
[Round "8.33"]
[Board "4"]
[White "Kalugampitiya, R S"]
[Black "Ebeling, Daniel"]
[Result "0-1"]
[BlackTitle "FM"]
[WhiteElo "2121"]
[BlackElo "2445"]
[WhiteTeam "Sri Lanka"]
[BlackTeam "Finland"]
[WhiteFideId "9901124"]
[BlackFideId "505170"]
[EventDate "2014.08.02"]

1. d4 Nf6 2. c4 e6 3. Nc3 Bb4 4. e3 c5 5. Bd3 Nc6 6. Nf3 Bxc3+ 7. bxc3 d6 8. O-O
e5 9. Nd2 O-O 10. Re1 Bd7 11. d5 Ne7 12. e4 Ne8 13. f4 exf4 14. e5 dxe5 15. Rxe5
f5 16. Nf3 Ng6 17. Re1 Qf6 18. h4 Nxh4 19. Bxf4 Ng6 20. Bg5 Qxc3 21. Rc1 Qa3 22.
Be7 Nxe7 23. Rxe7 Nf6 24. Ne5 Rae8 25. d6 Rxe7 26. dxe7 Re8 27. Nxd7 Nxd7 28.
Bxf5 Qe3+ 29. Kh1 Nf6 30. Rb1 b6 31. Qa4 Qxe7 32. Rd1 g6 33. Bh3 Qc7 34. Rf1 Kg7
35. Qb5 Re7 36. Qb2 Qe5 37. Qc2 Ne4 38. Kg1 Qd4+ 39. Kh2 Qe5+ 40. Kg1 Qc3 41.
Qe2 Qd4+ 42. Kh2 Qd6+ 43. Kg1 Nd2 0-1

[Event "Olimpiade 2014 - Open"]
[Site "Tromsø"]
[Date "10.08.2014"]
[Round "8.34"]
[Board "1"]
[White "Tologontegin, Semetey"]
[Black "Larrea, Manuel"]
[Result "1-0"]
[WhiteTitle "FM"]
[BlackTitle "FM"]
[WhiteElo "2354"]
[BlackElo "2333"]
[WhiteTeam "Kyrgyzstan"]
[BlackTeam "Uruguay"]
[WhiteFideId "13800574"]
[BlackFideId "3000508"]
[EventDate "2014.08.02"]

1. d4 Nf6 2. Nf3 g6 3. Bf4 Bg7 4. e3 O-O 5. h3 d6 6. c3 b6 7. Bd3 Ba6 8. Bxa6
Nxa6 9. Qe2 Qc8 10. O-O c5 11. a4 Qb7 12. Nbd2 Rac8 13. Bh2 Nc7 14. e4 cxd4 15.
Nxd4 Nd7 16. N2f3 Nc5 17. Nd2 Bh6 18. f4 N7e6 19. Nxe6 Nxe6 20. f5 Nc5 21. Bf4
Bg7 22. Rf3 Qa6 23. Qe3 Nd7 24. Bh6 Qa5 25. Bxg7 Kxg7 26. Kh1 Qe5 27. Raf1 Nf6
28. Re1 Rfd8 29. Rf4 Nh5 30. Rg4 Nf6 31. Rh4 h5 32. fxg6 fxg6 33. Rf4 Qc5 34.
Qg3 Rf8 35. Nf3 Nh7 36. Rf5 Rxf5 37. exf5 Qxf5 38. Rxe7+ Kh6 39. Nh4 Qf6 40.
Qe3+ Qg5 41. Rxh7+ 1-0

[Event "Olimpiade 2014 - Open"]
[Site "Tromsø"]
[Date "10.08.2014"]
[Round "8.34"]
[Board "2"]
[White "Lopez Azambuja, Nicolas"]
[Black "Abdyjapar, Asyl"]
[Result "0-1"]
[WhiteTitle "FM"]
[BlackTitle "IM"]
[WhiteElo "2255"]
[BlackElo "2368"]
[WhiteTeam "Uruguay"]
[BlackTeam "Kyrgyzstan"]
[WhiteFideId "3003809"]
[BlackFideId "13800337"]
[EventDate "2014.08.02"]

1. d4 Nf6 2. c4 g6 3. Nc3 d5 4. cxd5 Nxd5 5. e4 Nxc3 6. bxc3 Bg7 7. Be3 c5 8.
Qd2 Qa5 9. Rc1 O-O 10. Nf3 Rd8 11. Be2 Bg4 12. d5 e6 13. O-O exd5 14. exd5 Nc6
15. Bg5 Rd7 16. Rfd1 Bxf3 17. Bxf3 Ne5 18. Be2 c4 19. Qb2 Re8 20. d6 Bf8 21. Bf4
Bxd6 22. Rb1 Ba3 23. Qc2 Nd3 24. Be3 Bc5 25. Bxd3 cxd3 26. Rxd3 Rxd3 27. Qxd3
Bxe3 28. fxe3 b6 29. Rb2 Qg5 30. Re2 Rd8 31. Qc2 Qc5 32. Qb3 Rd3 33. Rf2 Qc7 34.
Rf3 Kg7 35. e4 Rd2 36. h3 Re2 37. Qa4 Rd2 38. Qb3 Rd7 39. Qb4 Rd1+ 40. Rf1 Rd2
41. Qb3 Rd3 42. Kh1 Re3 43. Qd5 Rxc3 44. Qd4+ Kg8 45. e5 Rc4 46. Qd5 Rc5 47.
Qa8+ Kg7 48. Re1 Rc6 49. Qe8 Re6 50. Qa4 Qc3 51. Rf1 Qc7 52. Re1 Qb7 53. Qf4 Qd5
54. Qa4 a5 55. Qa3 Qd2 56. Re4 Qf2 57. Qa4 Qb2 58. Qb3 Qxb3 59. axb3 b5 60. Kg1
Kg8 61. Kf2 f6 0-1

[Event "Olimpiade 2014 - Open"]
[Site "Tromsø"]
[Date "10.08.2014"]
[Round "8.34"]
[Board "3"]
[White "Takyrbashev, B."]
[Black "Roselli Mailhe, Bernardo"]
[Result "1-0"]
[BlackTitle "IM"]
[WhiteElo "2229"]
[BlackElo "2425"]
[WhiteTeam "Kyrgyzstan"]
[BlackTeam "Uruguay"]
[WhiteFideId "13800272"]
[BlackFideId "3000028"]
[EventDate "2014.08.02"]

1. d4 Nf6 2. c4 g6 3. Nc3 Bg7 4. e4 d6 5. Be2 O-O 6. Bg5 Na6 7. f4 c6 8. Nf3 Nc7
9. Bh4 b5 10. cxb5 cxb5 11. a3 d5 12. e5 Ne4 13. O-O Bb7 14. Nxb5 Ne6 15. Nd2
Bh6 16. Nxe4 dxe4 17. f5 Nf4 18. f6 exf6 19. Bxf6 Qd7 20. Nd6 Bd5 21. Bg4 Be6
22. Bxe6 fxe6 23. Nxe4 Qb7 24. Qf3 Qxb2 25. Kh1 Rab8 26. Rad1 Qa2 27. Qg4 Qc2
28. Nc5 Rfe8 29. Rc1 Qe2 30. Qxe2 Nxe2 31. Rcd1 Nc3 32. Rd3 Nd5 33. Bh4 Rf8 34.
Rfd1 g5 35. Bg3 Rfe8 36. h3 Kf7 37. Rf3+ Ke7 38. Ne4 Rf8 39. Nf6 Rb5 40. Rc1 g4
41. Nxd5+ Rxd5 42. Rc7+ Kd8 43. Rfc3 Rf1+ 44. Kh2 Rd7 45. Rc8+ Ke7 46. Rh8 Bg7
47. Rxh7 Kf7 48. Rd3 Kg6 49. Rh4 gxh3 50. Kxh3 Rh1+ 51. Kg4 Rg1 52. Kf3 Bf8 53.
Rg4+ Kh7 54. Rf4 Be7 55. Bf2 Ra1 56. Ke4 Bg5 57. Rh3+ Kg8 58. Rg4 Rg7 59. Rhg3
Bh6 60. Rg6 Kh7 61. Rxe6 Rxg3 62. Bxg3 Rxa3 63. Bf4 Bf8 64. d5 Kg8 65. d6 Kf7
66. Rf6+ 1-0

[Event "Olimpiade 2014 - Open"]
[Site "Tromsø"]
[Date "10.08.2014"]
[Round "8.34"]
[Board "4"]
[White "Coppola, Claudio"]
[Black "Mamatov, Melis"]
[Result "1/2-1/2"]
[WhiteTitle "IM"]
[WhiteElo "2190"]
[BlackElo "2106"]
[WhiteTeam "Uruguay"]
[BlackTeam "Kyrgyzstan"]
[WhiteFideId "3001717"]
[BlackFideId "13800027"]
[EventDate "2014.08.02"]

1. d4 e6 2. c4 f5 3. g3 Nf6 4. Bg2 Bb4+ 5. Nd2 O-O 6. Nf3 h6 7. O-O Bxd2 8. Bxd2
Qe8 9. Bc3 d6 10. Qc2 Ne4 11. Nd2 Nxc3 12. Qxc3 e5 13. dxe5 dxe5 14. c5 Nc6 15.
Nc4 e4 16. f3 Qe7 17. Ne3 exf3 18. exf3 Be6 19. f4 Rad8 20. Rad1 Rxd1 21. Rxd1
Rd8 22. Rxd8+ Qxd8 23. Bxc6 bxc6 24. b3 g6 25. Kf2 Qe7 26. Qe5 Kf7 27. Nc2 Qd8
28. Nd4 Bd5 29. Ke3 Qe7 30. Qxe7+ Kxe7 31. Kd3 Kf6 32. Kc3 Ke7 33. Kb4 Kd7 34.
Ka5 Kc8 35. Ka6 Kb8 36. a4 Ka8 37. b4 Kb8 38. b5 cxb5 39. axb5 Ka8 40. h3 Kb8
41. g4 fxg4 42. hxg4 h5 43. gxh5 gxh5 44. Nf5 Be4 45. Nh4 c6 46. b6 Bd3+ 47. Ka5
Kb7 48. f5 Bc4 49. bxa7 Kxa7 50. f6 Be6 51. Nf5 Ba2 52. Kb4 Bd5 53. Ne7 Ba2 54.
Nxc6+ Ka6 55. Ne5 h4 56. Nc4 Bxc4 57. Kxc4 h3 58. f7 h2 59. f8=Q h1=Q 60. Qd6+
Kb7 61. Qd7+ Kb8 62. Qd8+ Kb7 63. Qb6+ Ka8 64. Qd8+ Kb7 65. Qd7+ Kb8 66. Qe8+
Kb7 67. Qb5+ Kc8 68. Qe8+ Kb7 69. Qf7+ Kb8 70. Qf4+ Kb7 71. Qe3 Qf1+ 72. Kd5
Qf7+ 73. Kd6 Qf6+ 74. Kd5 Qf7+ 75. Kd4 Qf6+ 76. Kc4 Qf1+ 77. Kc3 Qa1+ 78. Kb4
Qb1+ 79. Kc4 Qf1+ 80. Kd4 Qf6+ 81. Kd3 Qf1+ 82. Ke4 Qh1+ 83. Ke5 Qh5+ 84. Kd4
Qd1+ 1/2-1/2

[Event "Olimpiade 2014 - Open"]
[Site "Tromsø"]
[Date "10.08.2014"]
[Round "8.35"]
[Board "1"]
[White "Dervishi, Erald"]
[Black "Batchuluun, Tsegmed"]
[Result "1-0"]
[WhiteTitle "GM"]
[BlackTitle "GM"]
[WhiteElo "2581"]
[BlackElo "2513"]
[WhiteTeam "Albania"]
[BlackTeam "Mongolia"]
[WhiteFideId "4700236"]
[BlackFideId "4900847"]
[EventDate "2014.08.02"]

1. e4 e5 2. Nf3 Nc6 3. Bb5 Nf6 4. O-O Nxe4 5. d4 Nd6 6. Bxc6 dxc6 7. dxe5 Nf5 8.
Qxd8+ Kxd8 9. Nc3 Ke8 10. h3 h5 11. Ne4 Be7 12. Bg5 Be6 13. Rad1 b6 14. a3 h4
15. Rfe1 Rd8 16. Rxd8+ Kxd8 17. Kh2 Bd5 18. g4 hxg3+ 19. fxg3 Bxg5 20. Nexg5 Ke7
21. g4 Nh4 22. Nxh4 Rxh4 23. Kg3 Rh8 24. h4 c5 25. Nh3 Bc6 26. h5 Rd8 27. g5 Rd2
28. Nf4 Bd7 29. Re2 Rd1 30. h6 gxh6 31. gxh6 Bf5 32. Rh2 Rg1+ 33. Kf3 Rg8 34.
Nd5+ Ke6 35. Nf6 Rh8 36. Kf4 Bg6 37. h7 a5 38. c3 a4 39. Rg2 b5 40. Rg1 c6 41.
Rd1 Bxh7 42. Rh1 Rd8 43. Nxh7 Rd2 44. Rh6+ Kd7 45. Rf6 Rxb2 46. Rxf7+ Ke6 47.
Ng5+ Kd5 48. Rd7+ Kc4 49. e6 Rf2+ 50. Ke5 Rf8 51. Ne4 Kb3 52. Nf6 Kxa3 53. e7
Rh8 54. Rd8 1-0

[Event "Olimpiade 2014 - Open"]
[Site "Tromsø"]
[Date "10.08.2014"]
[Round "8.35"]
[Board "2"]
[White "Khatanbaatar, Bazar"]
[Black "Mehmeti, Dritan"]
[Result "0-1"]
[WhiteTitle "GM"]
[BlackTitle "IM"]
[WhiteElo "2390"]
[BlackElo "2416"]
[WhiteTeam "Mongolia"]
[BlackTeam "Albania"]
[WhiteFideId "4900332"]
[BlackFideId "4700600"]
[EventDate "2014.08.02"]

1. e4 c5 2. Nf3 d6 3. Bb5+ Nd7 4. d4 cxd4 5. Qxd4 Nf6 6. Bg5 e6 7. O-O Be7 8. c4
O-O 9. Bxd7 Bxd7 10. Nc3 Qc7 11. Rac1 Rfd8 12. Rfd1 a6 13. b3 Rac8 14. Qd3 Qa5
15. Bd2 Qh5 16. Ne2 b5 17. Ng3 bxc4 18. Rxc4 Qb5 19. a4 Qb7 20. Ba5 Re8 21. Rb4
Qa8 22. Rb6 Rc6 23. Nd4 Rxb6 24. Bxb6 Rc8 25. f3 Be8 26. Ba5 d5 27. e5 Nd7 28.
f4 g6 29. Be1 Qb7 30. Bf2 Nc5 31. Qe3 Rb8 32. h3 Qb4 33. Kh2 h5 34. f5 h4 35.
Nge2 exf5 36. Nf4 Bg5 37. Bxh4 Bxh4 38. Nxd5 Qb7 39. Nf3 Be7 40. Qh6 Ne4 41. Rd4
Rd8 42. Nf6+ Bxf6 43. exf6 Qc7+ 44. Kh1 Ng3+ 45. Kg1 Nh5 46. Qd2 Qa7 47. Kh1
Rxd4 48. Nxd4 Ng3+ 49. Kg1 0-1

[Event "Olimpiade 2014 - Open"]
[Site "Tromsø"]
[Date "10.08.2014"]
[Round "8.35"]
[Board "3"]
[White "Ashiku, Franc"]
[Black "Battulga, Namkhai"]
[Result "0-1"]
[BlackTitle "IM"]
[WhiteElo "2284"]
[BlackElo "2411"]
[WhiteTeam "Albania"]
[BlackTeam "Mongolia"]
[WhiteFideId "4700066"]
[BlackFideId "4900880"]
[EventDate "2014.08.02"]

1. e4 c5 2. c3 d5 3. exd5 Qxd5 4. d4 Nc6 5. Nf3 Bg4 6. Be2 cxd4 7. cxd4 e6 8.
O-O Nf6 9. h3 Bh5 10. Nc3 Qa5 11. Be3 Bd6 12. Qb3 Qb4 13. g4 Bg6 14. Ne5 O-O 15.
g5 Bxe5 16. dxe5 Nd7 17. Rfd1 Qxb3 18. axb3 Nb6 19. f4 Rfd8 20. Bc5 Rxd1+ 21.
Rxd1 Bc2 22. Ra1 Nd7 23. b4 Nxc5 24. bxc5 Nd4 25. b4 h6 26. h4 a6 27. b5 a5 28.
Kf2 a4 29. Bd1 a3 30. Bxc2 Nxc2 31. Ra2 Nb4 32. Rd2 a2 33. Nxa2 Nxa2 34. Rd7 Rc8
35. c6 bxc6 36. b6 Rb8 37. b7 hxg5 38. fxg5 g6 39. Ke3 Nb4 40. Kd4 Na6 41. Kc4
Kf8 42. h5 gxh5 0-1

[Event "Olimpiade 2014 - Open"]
[Site "Tromsø"]
[Date "10.08.2014"]
[Round "8.35"]
[Board "4"]
[White "Gundavaa, Bayarsaikhan"]
[Black "Seitaj, Ilir"]
[Result "1/2-1/2"]
[WhiteTitle "GM"]
[BlackTitle "IM"]
[WhiteElo "2501"]
[BlackElo "2382"]
[WhiteTeam "Mongolia"]
[BlackTeam "Albania"]
[WhiteFideId "4901045"]
[BlackFideId "4700031"]
[EventDate "2014.08.02"]

1. Nf3 Nf6 2. c4 c6 3. d4 d5 4. Qb3 g6 5. Nc3 Bg7 6. cxd5 Nxd5 7. e4 Nb6 8. Be3
O-O 9. Rd1 Be6 10. Qc2 Bc4 11. Be2 Na6 12. b3 Bxe2 13. Nxe2 Qd6 14. O-O Rac8 15.
Bf4 Qa3 16. Bc1 Qd6 17. a3 Rfd8 18. b4 Qe6 19. Bg5 Qc4 20. Qd2 Re8 21. Rc1 Qb3
22. Rc3 Qe6 23. Qc2 h6 24. Bc1 Red8 25. h3 Qd7 26. Ne5 Qe8 27. Be3 Nd7 28. Nc4
Nf6 29. Rc1 Nc7 30. a4 Ne6 31. f3 Nh7 32. Rd3 Rc7 33. Rcd1 h5 34. Qb3 Rcd7 35.
b5 cxb5 36. axb5 b6 37. d5 Nc5 38. Bxc5 bxc5 39. e5 Nf8 40. f4 Rb7 41. Nc3 a6
42. b6 Rdb8 43. Rb1 Nd7 44. Qa4 g5 45. e6 fxe6 46. dxe6 Qg6 47. Rd5 Nxb6 48.
Rxb6 Rxb6 49. Nxb6 Qxe6 50. Rxg5 Qxb6 51. Qc4+ e6 52. f5 Qb3 53. Qxa6 exf5 54.
Qd6 Re8 55. Nd5 Qd1+ 56. Kh2 Kh8 57. Rxf5 Re1 58. Qd8+ Kh7 59. Qg5 Rh1+ 60. Kg3
Qe1+ 61. Rf2 Be5+ 62. Nf4 Qe3+ 63. Rf3 Qe1+ 64. Rf2 Qe3+ 65. Rf3 Qe1+ 1/2-1/2

[Event "Olimpiade 2014 - Open"]
[Site "Tromsø"]
[Date "10.08.2014"]
[Round "8.36"]
[Board "1"]
[White "Lim, Yee-Weng"]
[Black "Lodhi, Mahmood"]
[Result "1-0"]
[WhiteTitle "IM"]
[BlackTitle "IM"]
[WhiteElo "2311"]
[BlackElo "2335"]
[WhiteTeam "Malaysia"]
[BlackTeam "Pakistan"]
[WhiteFideId "5700590"]
[BlackFideId "7800010"]
[EventDate "2014.08.02"]

1. e4 e5 2. Nf3 Nc6 3. d4 Nf6 4. dxe5 Nxe4 5. Bc4 Nc5 6. O-O Ne6 7. Nc3 Be7 8.
Re1 O-O 9. Ne4 Re8 10. a3 Bf8 11. b4 b6 12. Qd3 Be7 13. Bd2 Bb7 14. Bd5 a6 15.
Rad1 Ra7 16. Bc1 h6 17. c3 a5 18. Bb3 axb4 19. axb4 Nb8 20. Nd4 Nxd4 21. cxd4
Nc6 22. Nf6+ Bxf6 23. exf6 Re6 24. Bxe6 dxe6 25. b5 Nb4 26. Qb3 Nd5 27. fxg7 Qf6
28. Qh3 Kxg7 29. Rd3 Kh7 30. Rf3 Qg6 31. Rg3 Qf6 32. Qg4 Ne7 33. Bxh6 Qxh6 34.
Rh3 Ng6 35. Rxh6+ Kxh6 36. h4 Kh7 37. Qg5 Ra4 38. h5 Nf8 39. Qe7 Kg8 40. Re3 1-0

[Event "Olimpiade 2014 - Open"]
[Site "Tromsø"]
[Date "10.08.2014"]
[Round "8.37"]
[Board "1"]
[White "Chumfwa, Stanley"]
[Black "Cuartas, Jaime Alexander"]
[Result "0-1"]
[WhiteTitle "IM"]
[BlackTitle "GM"]
[WhiteElo "2317"]
[BlackElo "2489"]
[WhiteTeam "Zambia"]
[BlackTeam "Colombia"]
[WhiteFideId "8700117"]
[BlackFideId "4401190"]
[EventDate "2014.08.02"]

1. e4 c6 2. d4 d5 3. Nd2 dxe4 4. Nxe4 Bf5 5. Ng3 Bg6 6. h4 h6 7. Nf3 Nd7 8. h5
Bh7 9. Bd3 Bxd3 10. Qxd3 e6 11. Bd2 Qb6 12. O-O-O Ngf6 13. Rhe1 Be7 14. c4 Rd8
15. Kb1 O-O 16. Ne4 c5 17. d5 exd5 18. cxd5 Nxe4 19. Rxe4 Bf6 20. Qa3 Qb5 21.
Bc3 Bxc3 22. Qxc3 Nf6 23. Re5 Ng4 24. Re7 Nxf2 25. Rd2 Ng4 26. d6 c4 27. d7 Qc5
28. Re4 Qf5 29. Qc2 Rxd7 30. Rxd7 Qxd7 31. Rd4 Qe6 32. Qxc4 Qf5+ 33. Qc2 Qxh5
34. Rd7 Ne3 0-1

[Event "Olimpiade 2014 - Open"]
[Site "Tromsø"]
[Date "10.08.2014"]
[Round "8.37"]
[Board "2"]
[White "Rios, Cristhian Camilo"]
[Black "Jere, Daniel"]
[Result "1-0"]
[WhiteTitle "IM"]
[BlackTitle "IM"]
[WhiteElo "2427"]
[BlackElo "2405"]
[WhiteTeam "Colombia"]
[BlackTeam "Zambia"]
[WhiteFideId "4403940"]
[BlackFideId "8700249"]
[EventDate "2014.08.02"]

1. d4 Nf6 2. c4 g6 3. Nc3 Bg7 4. e4 d6 5. f3 O-O 6. Be3 Nc6 7. Nge2 a6 8. Qd2
Rb8 9. Rc1 Bd7 10. Nd1 Re8 11. g3 b5 12. c5 e5 13. d5 Nd4 14. Nxd4 exd4 15. Bxd4
c6 16. cxd6 cxd5 17. e5 Nh5 18. f4 f6 19. Bg2 fxe5 20. fxe5 Bxe5 21. Bxd5+ Kg7
22. O-O Nf6 23. Rc7 Rc8 24. Bxe5 Rxe5 25. Rxf6 Kxf6 26. Qf4+ Rf5 27. Qd4+ Re5
28. Nf2 Qe8 29. Rxd7 Qxd7 30. Ne4+ Kg7 31. Qxe5+ Kh6 32. Nf6 Rc1+ 33. Kg2 Rc2+
34. Kf3 1-0

[Event "Olimpiade 2014 - Open"]
[Site "Tromsø"]
[Date "10.08.2014"]
[Round "8.37"]
[Board "3"]
[White "Mwali, Chitumbo"]
[Black "Ruiz C, Joshua D"]
[Result "0-1"]
[WhiteTitle "IM"]
[BlackTitle "IM"]
[WhiteElo "2250"]
[BlackElo "2382"]
[WhiteTeam "Zambia"]
[BlackTeam "Colombia"]
[WhiteFideId "8700265"]
[BlackFideId "4400704"]
[EventDate "2014.08.02"]

1. c4 c5 2. g3 Nc6 3. Bg2 g6 4. Nc3 Bg7 5. Nf3 e6 6. O-O Nge7 7. a3 O-O 8. b4 d6
9. Rb1 b6 10. e3 Bb7 11. d4 Rc8 12. Nb5 cxb4 13. axb4 a6 14. Nc3 a5 15. b5 Nb4
16. Qb3 d5 17. cxd5 Nexd5 18. Nxd5 Bxd5 19. Qa4 Be4 20. Rb2 Bd3 21. Re1 Bc2 22.
Qa3 Be4 23. Rxb4 axb4 24. Qxb4 Qd5 25. Nh4 g5 26. f3 Bd3 27. f4 Be4 28. fxg5 Rc2
29. Bxe4 Qxe4 30. Ba3 Rfc8 0-1

[Event "Olimpiade 2014 - Open"]
[Site "Tromsø"]
[Date "10.08.2014"]
[Round "8.37"]
[Board "4"]
[White "Sanchez, Sebastian Felipe"]
[Black "Chumfwa, Kelvin"]
[Result "1-0"]
[WhiteTitle "IM"]
[BlackTitle "FM"]
[WhiteElo "2391"]
[BlackElo "2193"]
[WhiteTeam "Colombia"]
[BlackTeam "Zambia"]
[WhiteFideId "4403304"]
[BlackFideId "8700435"]
[EventDate "2014.08.02"]

1. e4 e5 2. Nf3 Nc6 3. Bb5 a6 4. Ba4 Nf6 5. O-O Be7 6. Qe2 b5 7. Bb3 d6 8. c3
O-O 9. Rd1 Bg4 10. d3 Na5 11. Bc2 c5 12. Nbd2 Re8 13. Nf1 h6 14. h3 Bd7 15. Ng3
Bf8 16. d4 Qc7 17. d5 c4 18. Nh2 Nb7 19. Qf3 Qd8 20. Nf5 Bxf5 21. Qxf5 Qd7 22.
Qf3 Be7 23. Nf1 Rf8 24. Ng3 Kh7 25. Nf5 Rfd8 26. Be3 Qe8 27. h4 Ng8 28. Qg3 Bf8
29. h5 Nc5 30. Bxc5 dxc5 31. f4 Nf6 32. fxe5 Nd7 33. e6 fxe6 34. dxe6 Qxe6 35.
Rd6 Qf7 36. e5 Kh8 37. Rg6 Re8 38. Rf1 Nxe5 39. Nxh6 Qd5 40. Nf5 Ra7 41. Ne3 Qd8
42. Rxf8+ Rxf8 43. Qxe5 Re7 44. Rh6+ Kg8 45. Bh7+ Kf7 46. Qf5+ Ke8 47. Bg6+ 1-0

[Event "Olimpiade 2014 - Open"]
[Site "Tromsø"]
[Date "10.08.2014"]
[Round "8.38"]
[Board "1"]
[White "Rahman, Ziaur"]
[Black "Sadorra, Julio Catalino"]
[Result "0-1"]
[WhiteTitle "GM"]
[BlackTitle "GM"]
[WhiteElo "2523"]
[BlackElo "2590"]
[WhiteTeam "Bangladesh"]
[BlackTeam "Philippines"]
[WhiteFideId "10200037"]
[BlackFideId "5201268"]
[EventDate "2014.08.02"]

1. b3 d5 2. Bb2 Nf6 3. e3 e6 4. Nf3 Be7 5. Rg1 O-O 6. g4 c5 7. g5 Ne4 8. h4 Nc6
9. Bb5 f6 10. Bxc6 bxc6 11. d3 Qa5+ 12. Nfd2 Nd6 13. Qh5 Nf5 14. gxf6 Bxf6 15.
Bxf6 Rxf6 16. Qe8+ Rf8 17. Qxc6 Rb8 18. Rg4 Qd8 19. Na3 Rb4 20. e4 Qe7 21. Rf4
Bb7 22. Qxb7 Rxb7 0-1

[Event "Olimpiade 2014 - Open"]
[Site "Tromsø"]
[Date "10.08.2014"]
[Round "8.38"]
[Board "2"]
[White "Gomez, John Paul"]
[Black "Abdulla, Al-Rakib"]
[Result "1/2-1/2"]
[WhiteTitle "GM"]
[BlackTitle "GM"]
[WhiteElo "2526"]
[BlackElo "2522"]
[WhiteTeam "Philippines"]
[BlackTeam "Bangladesh"]
[WhiteFideId "5201381"]
[BlackFideId "10200444"]
[EventDate "2014.08.02"]

1. e4 e5 2. Nf3 Nc6 3. Bb5 a6 4. Ba4 Nf6 5. d3 d6 6. c3 g6 7. Nbd2 Bg7 8. O-O
O-O 9. Re1 b5 10. Bc2 Re8 11. a4 Bb7 12. b4 Nd7 13. Bb3 h6 14. Nf1 bxa4 15. Bxa4
Nb6 16. Bb3 d5 17. Bd2 a5 18. b5 Ne7 19. Qc1 Kh7 20. c4 a4 21. Ba2 dxe4 22. dxe4
c5 23. bxc6 Bxc6 24. c5 Nd7 25. Bxf7 Rf8 26. Ba2 Qc7 27. Re3 Nf6 28. Ng3 Rab8
29. Be6 Bb5 30. Raa3 Nc6 31. Ne2 Qe7 32. Bd5 Ng4 33. Rec3 Nd4 34. Ng3 Nf6 35.
Be3 Nh5 36. Bxd4 exd4 37. Nxh5 dxc3 38. Nxg7 Qxg7 39. Rxc3 Be2 40. Ba2 Bxf3 41.
gxf3 Qe5 42. c6 Rbc8 43. Rc5 Qf6 44. Qd1 Rfd8 45. Rd5 Rxd5 46. exd5 a3 47. Qb3
Qd6 48. Kg2 Rc7 49. Qc4 Rf7 50. h4 h5 51. Qd4 Re7 52. Qc4 Rf7 53. Qd4 Re7 54.
Qc4 1/2-1/2